000 00870cam a22002893a 4500
001 29291
003 PGUSA
005 20140828083631.0
008 090702s2009||||xxu|||||s|||||000 1 eng d
040 _aPGUSA
_beng
042 _adc
050 4 _aPR
100 1 _aMarryat, Frederick,
_d1792-1848
245 1 4 _aThe Pirate, and The Three Cutters
_h[electronic resource] /
_cFrederick Marryat
260 _bProject Gutenberg,
_c2009
506 _aPublic domain in the USA.
516 _aElectronic text
653 _aGreat Britain. Royal Navy -- Fiction
653 _aSeafaring life -- Fiction
653 _aSea stories
653 _aPirates -- Fiction
653 _aSmugglers -- Fiction
700 1 _aSullivan, Edmund J.
_q(Edmund Joseph),
_d1869-1933
830 0 _aProject Gutenberg
_v29291
856 4 0 _uhttp://www.gutenberg.org/ebooks/29291
942 _cEB
999 _c258546
_d258546